Kottara theruvu/ (Record no. 24516)

000 -LEADER
fixed length control field 00425nam a22001691a 4500
082 ## - DEWEY DECIMAL CLASSIFICATION NUMBER
Classification number M3 (FTr.)
Item number NAG/K
100 ## - MAIN ENTRY--AUTHOR NAME
Personal name Naguib Mahfouz
245 ## - TITLE STATEMENT
Title Kottara theruvu/
Statement of responsibility, etc by Naguib Mahfouz
260 ## - PUBLICATION, DISTRIBUTION, ETC. (IMPRINT)
Place of publication Pala:
Name of publisher Sahrudaya,
Year of publication 1999.
300 ## - PHYSICAL DESCRIPTION
Number of Pages 382p.
650 ## - SUBJECT ADDED ENTRY--TOPICAL TERM
Topical Term Translation Egyptian Novel
650 ## - SUBJECT ADDED ENTRY--TOPICAL TERM
Topical Term Novel Malayalam
650 ## - SUBJECT ADDED ENTRY--TOPICAL TERM
Topical Term Literature Malayalam
650 ## - SUBJECT ADDED ENTRY--TOPICAL TERM
Topical Term Literature
700 ## - ADDED ENTRY--PERSONAL NAME
Personal name Suhara B M (tr.)
942 ## - ADDED ENTRY ELEMENTS (KOHA)
Koha item type Book
Holdings
Withdrawn status Lost status Damaged status Not for loan Permanent Location Current Location Date acquired Cost, normal purchase price Full call number Accession Number Cost, replacement price Price effective from Koha item type
        Sree Sankaracharya University of Sanskrit Sree Sankaracharya University of Sanskrit 08.01.2015 180.00 M3 (FTr.) NAG/K 016324 0.00 08.01.2015 Book